Dibujo arquitectónico 1 / (Registro nro. 5044)
[ vista simple ]
| 000 -LEADER | |
|---|---|
| fixed length control field | 01635nam a22002777a 4500 |
| 003 - CONTROL NUMBER IDENTIFIER | |
| control field | PE SENCICO BE |
| 005 - DATE AND TIME OF LATEST TRANSACTION | |
| control field | 20251020182710.0 |
| 008 - FIXED-LENGTH DATA ELEMENTS--GENERAL INFORMATION | |
| fixed length control field | 250107b |||||||| |||| 00| 0 eng d |
| 020 ## - INTERNATIONAL STANDARD BOOK NUMBER | |
| International Standard Book Number | 978-9972-45-501-8 |
| 040 ## - CATALOGING SOURCE | |
| Original cataloging agency | PE SENCICO BE |
| Transcribing agency | PE SENCICO BE |
| 041 ## - LANGUAGE CODE | |
| Language code of text/sound track or separate title | spa |
| 082 ## - DEWEY DECIMAL CLASSIFICATION NUMBER | |
| Classification number | 720.284 |
| Item number | G68 |
| 100 1# - MAIN ENTRY--PERSONAL NAME | |
| 9 (RLIN) | 2788 |
| Personal name | Gómez Taipe, Wilder |
| Relator term | autor |
| 245 1# - TITLE STATEMENT | |
| Title | Dibujo arquitectónico 1 / |
| Statement of responsibility, etc. | Wilder Gómez Taipe, Oscar Gómez García |
| 250 ## - EDITION STATEMENT | |
| Edition statement | 1a ed. |
| 260 ## - PUBLICATION, DISTRIBUTION, ETC. | |
| Place of publication, distribution, etc. | Lima : |
| Name of publisher, distributor, etc. | Universidad de Lima, Fondo editorial ; |
| Date of publication, distribution, etc. | 2019 |
| 300 ## - PHYSICAL DESCRIPTION | |
| Extent | 219 p. : |
| Other physical details | il., graf. ; |
| Dimensions | 24 x 28 cm. |
| 505 0# - FORMATTED CONTENTS NOTE | |
| Formatted contents note | Trazos y valoración -- Proporciones y estructuras -- Escala -- Proyecciones ortogonales -- Axonometrías -- Secciones -- Perspectiva -- Método general de perspectiva -- El color y la perspectiva |
| 520 3# - SUMMARY, ETC. | |
| Summary, etc. | El texto empieza con el reconocimiento de las graduaciones de los lápices por medio de la valoración lineal y tonal de ejemplos simples (volúmenes platónicos y casos emblemáticos de la arquitectura). En los siguientes capitulos se incorporan nuevos conceptos, como las vistas del depurado y sección en los volúmenes. Asimismo se desarrolla la teoría de la perspectiva y los autores hacen una breve recuento acerca de la noción del espacio en diversas culturas. Finalmente se concluye con una visión particular sobre el color y su aplicación en perspectivas al natural o que sigan al método. |
| 650 10 - SUBJECT ADDED ENTRY--TOPICAL TERM | |
| 9 (RLIN) | 428 |
| Topical term or geographic name entry element | Dibujo arquitectónico |
| 650 20 - SUBJECT ADDED ENTRY--TOPICAL TERM | |
| 9 (RLIN) | 1465 |
| Topical term or geographic name entry element | Dibujo a lapiz |
| 650 20 - SUBJECT ADDED ENTRY--TOPICAL TERM | |
| 9 (RLIN) | 827 |
| Topical term or geographic name entry element | Técnicas de dibujo |
| 700 1# - ADDED ENTRY--PERSONAL NAME | |
| 9 (RLIN) | 2789 |
| Personal name | Gómez García, Óscar |
| Relator term | autor |
| 910 ## - USER-OPTION DATA (OCLC) | |
| User-option data | hfp |
| -- | hfp |
| -- | hfp |
| 942 ## - ADDED ENTRY ELEMENTS (KOHA) | |
| Source of classification or shelving scheme | Dewey Decimal Classification |
| Koha item type | Libros |
| Fecha de la última vez que lo usaron | Pago total | Signatura topográfica completa | Código de barras | Precio efectivo desde | Tipo de documento | Estado perdido | Sistema de clasificación | Estado dañado | No es para préstamo | Retirado | Ubicación permanente | Ubicación actual | Fecha de adquisición | Fuente de adquisición |
|---|---|---|---|---|---|---|---|---|---|---|---|---|---|---|
| 07/01/2025 | 720.284/G68 | BibLima25010010 | 07/01/2025 | Libros | Dewey Decimal Classification | Biblioteca Central Lima | Biblioteca Central Lima | 18/11/2024 | Comprado de la librería Megabook |